<?xml version="1.0" encoding="UTF-8"?>
<marc:record xmlns:marc="http://www.loc.gov/MARC21/slim">
   <marc:leader>00000nam a2200000 a 4500</marc:leader>
   <marc:datafield ind1="1" ind2=" " tag="100">
      <marc:subfield code="a">Arnold, Monty</marc:subfield>
      <marc:subfield code="4">aut</marc:subfield>
      <marc:subfield code="e">Verfasser/-in</marc:subfield>
   </marc:datafield>
   <marc:datafield ind1="0" ind2="0" tag="245">
      <marc:subfield code="a">Spidey Super Freunde-Raketen Rhino &amp; drei weitere spannende Abenteuer</marc:subfield>
   </marc:datafield>
   <marc:datafield ind1="0" ind2="0" tag="245">
      <marc:subfield code="c">Arnold, Monty</marc:subfield>
   </marc:datafield>
   <marc:datafield ind1=" " ind2="1" tag="264">
      <marc:subfield code="a">Düsseldorf</marc:subfield>
      <marc:subfield code="b">Boxine GmbH</marc:subfield>
      <marc:subfield code="c">2024</marc:subfield>
   </marc:datafield>
   <marc:datafield ind1="1" ind2=" " tag="490">
      <marc:subfield code="a">Spidey Super Freunde</marc:subfield>
   </marc:datafield>
   <marc:datafield ind1="1" ind2=" " tag="520">
      <marc:subfield code="a">Die Feinde des Spidey-Teams machen sogar Stress, wenn sie mit sich selbst beschäftigt sind oder sich gegenseitig ärgern. Rhino versucht sich weiterzubilden – und zu lernen, wie man mit Doc Ocks Tentakeln und dem neuen Jetpack des Spidey-Teams ein noch größerer Gangster wird. Der Grüne Kobold plant, die Halloween-Parade zu ruinieren und hat es auf Tante Mays preisverdächtigen Riesenkürbis abgesehen.&#xD;
&#xD;
Ab 4 Jahre&#xD;
&#xD;
Titelliste:&#xD;
01 - Marvels Spidey und seine Super-Freunde – Titellied&#xD;
02 - Kapitel 01: Raketen-Rhino&#xD;
03 - Kapitel 02: Raketen-Rhino&#xD;
04 - Kapitel 01: Süßes, sonst gibt's Trace-e!&#xD;
05 - Kapitel 02: Süßes, sonst gibt's Trace-e!&#xD;
06 - Kapitel 01: Rhinoctopus&#xD;
07 - Kapitel 02: Rhinoctopus&#xD;
08 - Kapitel 01: Der Riesenkürbis&#xD;
09 - Kapitel 02: Der Riesenkürbis</marc:subfield>
   </marc:datafield>
   <marc:datafield ind1="3" ind2=" " tag="024">
      <marc:subfield code="a">4251192156020</marc:subfield>
   </marc:datafield>
   <marc:datafield ind1=" " ind2=" " tag="300">
      <marc:subfield code="a">1 Tonie-Figur (57')</marc:subfield>
   </marc:datafield>
</marc:record>
